000
00330 a2200157 4500
001
173540
020
_a
040
_c
Magnum
100
_a
Junqueira, Sonia
240
1
0
_a
Eusebio perdeu um parafuso
_l
por
245
1
0
_a
Eusebio perdeu um parafuso
362
0
_a
1899
440
1
_a
Moderna
697
_a
IJ/GERAL
942
_c
BK
999
_c
173540
_d
173540